Дело по отношению генерал-адътанта, графа Бенкендорфа о собрании справок по показаниям явившегося к графу Бенкендорфу неизвестно...

Доступно только в Электронных читальных залах Найти на картеНа карте
RUSMARC
00003863nmc2a22000003x 450
00163a9d1be-e768-4aa0-821b-33f343ea0fe9
00520180402123856.0
100##$a20160202l18411843k l0rusy0189 ca
1010#$arus
102##$aRU
2001#$aДело по отношению генерал-адътанта, графа Бенкендорфа о собрании справок по показаниям явившегося к графу Бенкендорфу неизвестного человека, назвавшего себя чиновником Яковом Ананьевым Ивановым, служившим в Кавказской области и участника его коллежского секретаря Омельяновича
$j22 января 1841 г. - 23 марта 1843 г.
251##$cДело
300##$aДело
801#0$aRU
$bРГИА
$c20160202
$gRCR
801#1$aRU
$bГлавНИВЦ
$c20160202
$2rusmarc
801#2$aRU
$bПБ им. Б.Н. Ельцина
$c20180402
$gRCR
$2rusmarc
850##$aРГИА
852##$aРГИА
$eФедеральное казенное учреждение "Российский государственный исторический архив" (РГИА)
$j298
937##$hРГИА
$d12186603
$aASBIBLIO_SCAN
462#0$1001d84ca311-0ff2-4bc1-993d-58ba7069b925
$12001
$a1841-1843 гг. Дела Департамента полиции исполнительной МВД за 1841 г.
$1251
$cОпись
$1852
$j8
461#0$10013e300ed0-cd39-49af-8489-5ba5b90fa401
$12001
$aДепартамент полиции исполнительной МВД
$1251
$cФонд
$1852
$j1286
215##$a49 л.
$d36,5х26 см
371##$aДокумент не является опубликованным и широко распространяемым
105##$ay###
1222#$ad
035##$a63a9d1be-e768-4aa0-821b-33f343ea0fe9
856##$uhttp://readingroom.main.prlib.ru/item.aspx?id_node=n114349766&mode=full
Формат отображения